00632nam a2200193 a 450000100100000000500170001000800410002704000250006808200170009310000330011024500260014326000440016930000270021349000220024083000290026204900090029195201210030099900170042100002555920200930023857.0110217s1967 sp a r 000 0 spa d aDO-SdBNPbspacBNPHU axxxxxbR896f1 aRubio, Juan Carlos R.95223113aLa flauta mágica /. aBarcelona, España :bCarabela,c1967. a56 p. :bil. ;c23 cm.1 aNudo al Alba ;v6 0aNudo al Alba ;n6952232 aBNGR 001054708MOaGRbGRcCTd2011-02-17iLF1l0oxxxxx R896fp25559-10r2020-06-25w2020-06-25y4ZPréstamo en sala c25051d25051